مكتبة جامعة عجلون الوطنية

فهرس بحث المكتبة

Normal view MARC view
  • تاليف الكناني، محمود بن عقلة بني كنانة؛ تقديم الكناني، اشرف بن محمود بن عقلة بني كنانة، تقديم وتقريض بني ياسين، اسماعيل احمد

Entry Personal Name

Number of records used in: 1

001 - CONTROL NUMBER

  • control field: 48016

003 - CONTROL NUMBER IDENTIFIER

  • control field: JO-AjAnu

005 - DATE AND TIME OF LATEST TRANSACTION

  • control field: 20230606081925.0

008 - FIXED-LENGTH DATA ELEMENTS

  • fixed length control field: 230606|| aca||aabn | a|a d

040 ## - CATALOGING SOURCE

  • Original cataloging agency: JO-AjAnu
  • Transcribing agency: JO-AjAnu

100 ## - HEADING--PERSONAL NAME

  • Personal name: تاليف الكناني، محمود بن عقلة بني كنانة؛ تقديم الكناني، اشرف بن محمود بن عقلة بني كنانة، تقديم وتقريض بني ياسين، اسماعيل احمد

670 ## - SOURCE DATA FOUND

  • Source citation: Work cat.: (JO-AjAnu)24568: تاليف الكناني، محمود بن عقلة بني كنانة؛ تقديم الكناني، اشرف بن محمود بن عقلة بني كنانة، تقديم وتقريض بني ياسين، اسماعيل احمد, author, الريحان المنعش في إرث القبائل المؤنس